000 02266cam a2200313 4500
001 7184
005 20181127183111.0
008 011211s2002 enkab b 001 0 eng
020 _a075461932X
082 0 4 _a320.30959
_221
100 _aSulistiyanto, Priyambudi .
_b
_c
_d
_e
_q
245 1 0 _aThailand, Indonesia and Burma in comparative perspective /
_cPriyambudi Sulistiyanto.
260 _aAldershot, Hampshire ;
_aBurlington, VT :
_bAshgate,
_cc2002.
300 _axiv, 308 p. :
_bill., map ;
_c23 cm.
490 1 _aThe international political economy of new regionalisms series
504 _aIncludes bibliographical references (p. [274]-300) and index.
505 _aMap of Southeast Asia -- 1. Introduction -- 2. Reform, Boom and Crisis: Contending Approaches -- 3. Thailand's Boom -- 4. Thailand's Crisis -- 5. Indonesia's Boom -- 6. Indonesia's Crisis -- 7. Burma's Unreal Boom -- 8. Burma's Crisis -- 9. Conclusion: Thailand, Indonesia and Burma Compared.
_g
_r
_t
520 _a"This comparative examination of the political economy of contemporary Thailand, Indonesia and Burma presents case studies of these countries during the periods of economic boom and examines the causes and political consequences of economic crisis. It examines how and why some countries have adjusted to the consequences of economic crisis better than others. It also finds that globalisation, and all that comes with it, has created both crises and opportunities for these countries, as they have undergone considerable economic and political change." "The book is suitable for students, academics and researchers interested in Southeast Asian politics, and those studying comparative politics and international political economy".
650 0 _aComparative government.
651 0 _aBurma
_xEconomic policy
_y1988-
651 0 _aBurma
_xPolitics and government
_y1988-
651 0 _aIndonesia
_xEconomic conditions
_y1966-1997.
651 0 _aIndonesia
_xEconomic conditions
_y1997-
651 0 _aIndonesia
_xPolitics and government
_y1966-1998.
651 0 _aThailand
_xEconomic policy
_y1986-
651 0 _aThailand
_xPolitics and government
_y1988-
830 0 _aInternational political economy of new regionalisms series.
999 _c6110
_d6110